000 00609nam a22002057a 4500
999 _c10855
_d10855
003 AR-CdUCM
008 190402b ||||| |||| 00| 0 spa d
040 _aMUNICIPALIDAD PROVINCIAL DEL CUSCO
_cBIBLIOTECA MUNICIPAL DEL CUSCO
082 _aC / 869.56 /
_bP26M
100 _aParedes, Luis Felipe
_916077
245 _aEl montonero y otros cuentos /
260 _aCusco :
_bGarcilaso,
_c1968.
300 _a96 páginas ;
_c17 cm.
505 _aContenido: Cuentos.
650 _aLiteratura Peruana
_9132
650 _aSiglo XX
_98
650 _aCuentos Peruanos
_933
942 _2ddc
_cLIBROS
945 _aachl